Statistics for Memorare Prayer

Click here to take the quiz!

General Stats

  • This quiz has been taken 98 times
  • The average score is 58 of 73

Answer Stats

Answer% Correct
Mary,
97%
anyone
94%
gracious
94%
it
94%
known
94%
most
94%
never
94%
O
94%
Remember,
94%
that
94%
that
94%
Virgin
94%
was
94%
who
94%
fled
92%
or
92%
protection,
92%
thine
92%
thy
92%
thy
92%
to
92%
help,
89%
implored
89%
left
89%
sought
89%
unaided.
89%
was
86%
by
81%
confidence,
81%
fly
81%
I
81%
Inspired
81%
intercession
81%
O
81%
of
81%
thee,
81%
this
81%
to
81%
Virgin
81%
virgins,
81%
Mother;
78%
my
78%
thee
75%
to
75%
before
72%
I
72%
thee
72%
and
69%
come;
69%
do
69%
I
69%
sinful
69%
sorrowful.
69%
stand,
69%
but
67%
despise
67%
Incarnate,
67%
Mother
67%
my
67%
not
67%
O
67%
of
67%
the
67%
Word
67%
petitions,
64%
Amen.
61%
in
61%
thy
61%
and
58%
answer
58%
hear
58%
me.
58%
mercy
58%

Score Distribution

Percentile by Number Answered

Percent of People with Each Score

Your Score History

You have not taken this quiz